[Event "URU-ch sf"]
[Site "Montevideo"]
[Date "2020.02.22"]
[Round "3"]
[White "Durante, Aurelio"]
[Black "Miraballes Lopez, Andres"]
[Result "1-0"]
[WhiteElo "1955"]
[BlackElo "1676"]
[PlyCount "81"]
[EventDate "2020.02.21"]
[EventType "swiss"]
[EventRounds "8"]
[EventCountry "URU"]
[SourceTitle "CBM 195 Extra"]
[Source "ChessBase"]
[SourceDate "2020.05.31"]
[SourceVersion "1"]
[SourceVersionDate "2020.05.31"]
[SourceQuality "1"]

1. e4 c5 2. Nf3 d6 3. c3 Nc6 4. d4 cxd4 5. cxd4 g6 6. Nc3 Bg7 7. h3 e6 8. a3 Nge7 9. Be3 d5 10. exd5 Nxd5 11. Nxd5 Qxd5 12. Rc1 0-0 13. Rc5 Qd6 14. Bb5 Ne7 15. 0-0 Rd8 16. Qc2 Nd5 17. Ng5 Bf8 18. Qe2 a6 19. Bd3 Nf4 20. Qf3 Qd7 21. Ne4 Nh5 22. Rxh5 Bg7 23. Rh4 f5 24. Nc3 Bf6 25. Rh6 Qg7 26. Bc4 g5 27. Rxf6 Qxf6 28. Ne4 Qg6 29. Nc5 f4 30. Bc1 Rxd4 31. b3 Rb8 32. Bb2 Rd8 33. Re1 b5 34. Bxe6+ Bxe6 35. Nxe6 Re8 36. Qc3 Kf7 37. Qc7+ Kg8 38. Qe5 Kf7 39. Nxg5+ Kf8 40. Qh8+ Qg8 41. Qf6+ 1-0

[Event "Punta del Este Interdepartamental"]
[Site "Punta del Este"]
[Date "2019.08.24"]
[Round "2.2"]
[White "Miraballes Lopez, Andres"]
[Black "Campopiano, Julio"]
[Result "1/2-1/2"]
[WhiteElo "1664"]
[BlackElo "1791"]
[PlyCount "26"]
[EventDate "2019.08.23"]
[EventType "team-swiss"]
[EventRounds "5"]
[EventCountry "URU"]
[SourceTitle "EXT 2020"]
[Source "ChessBase"]
[SourceDate "2019.10.17"]
[SourceVersion "1"]
[SourceVersionDate "2019.10.17"]
[SourceQuality "1"]
[WhiteTeam "Treinta y Tres"]
[BlackTeam "Paysandu"]
[WhiteTeamCountry "URU"]
[BlackTeamCountry "URU"]

1. e4 d6 2. d4 Nf6 3. Nc3 g6 4. f3 Bg7 5. Be3 c6 6. a4 Qa5 7. Qd2 Na6 8. Nge2 0-0 9. Nc1 Be6 10. Be2 Rfc8 11. 0-0 c5 12. d5 Bd7 13. Nb3 Qd8 1/2-1/2

[Event "Punta del Este Interdepartamental"]
[Site "Punta del Este"]
[Date "2019.08.24"]
[Round "3.2"]
[White "Miraballes Lopez, Andres"]
[Black "Ruiz, Ulises"]
[Result "1-0"]
[WhiteElo "1664"]
[BlackElo "1524"]
[PlyCount "56"]
[EventDate "2019.08.23"]
[EventType "team-swiss"]
[EventRounds "5"]
[EventCountry "URU"]
[SourceTitle "EXT 2020"]
[Source "ChessBase"]
[SourceDate "2019.10.17"]
[SourceVersion "1"]
[SourceVersionDate "2019.10.17"]
[SourceQuality "1"]
[WhiteTeam "Treinta y Tres"]
[BlackTeam "Colonia"]
[WhiteTeamCountry "URU"]
[BlackTeamCountry "URU"]

1. e4 e6 2. d4 d5 3. exd5 exd5 4. Be3 Nf6 5. Nc3 a6 6. Bd3 Nc6 7. Nge2 Nb4 8. f3 Nxd3+ 9. Qxd3 b5 10. g4 h6 11. h4 Be7 12. 0-0-0 Be6 13. g5 Ng8 14. Nf4 Qd6 15. Nxe6 Qxe6 16. gxh6 Nxh6 17. Rhe1 Qd7 18. Bg5 f6 19. Qg6+ Kf8 20. Bd2 Qf5 21. Qg2 Rg8 22. Rg1 Kf7 23. Rde1 Bd6 24. Ne2 Qh7 25. Qh3 Rac8 26. Qd7+ Be7 27. Nf4 Nf5 28. Qe6+ Kf8 1-0

[Event "Punta del Este Interdepartamental"]
[Site "Punta del Este"]
[Date "2019.08.23"]
[Round "1.2"]
[White "Braso, Jorge"]
[Black "Miraballes Lopez, Andres"]
[Result "1-0"]
[WhiteElo "2108"]
[BlackElo "1664"]
[PlyCount "85"]
[EventDate "2019.08.23"]
[EventType "team-swiss"]
[EventRounds "5"]
[EventCountry "URU"]
[SourceTitle "EXT 2020"]
[Source "ChessBase"]
[SourceDate "2019.10.17"]
[SourceVersion "1"]
[SourceVersionDate "2019.10.17"]
[SourceQuality "1"]
[WhiteTeam "Lavalleja"]
[BlackTeam "Treinta y Tres"]
[WhiteTeamCountry "URU"]
[BlackTeamCountry "URU"]

1. e4 c5 2. Nf3 d6 3. d4 cxd4 4. Nxd4 Nf6 5. Nc3 g6 6. Bc4 Bg7 7. 0-0 0-0 8. Bb3 a6 9. h3 b5 10. Be3 Bb7 11. f3 Nbd7 12. Qe1 Nc5 13. Rd1 Nxb3 14. axb3 Qc7 15. Qf2 Nd7 16. Qh4 h5 17. Rd2 Ne5 18. g4 hxg4 19. hxg4 f6 20. Ne6 Qd7 21. Nxf8 Bxf8 22. g5 Kf7 23. gxf6 exf6 24. Bh6 Be7 25. Bf4 Rg8 26. Bxe5 fxe5 27. Qg4 Qd8 28. f4 Ke8 29. fxe5 Bc8 30. e6 Qb6+ 31. Kg2 Bb7 32. Rf7 Qe3 33. Rdf2 Qh6 34. Rxe7+ Kxe7 35. Rf7+ Kd8 36. Rxb7 Qd2+ 37. Ne2 Kc8 38. Rf7 Re8 39. Rf8 Kd8 40. Rxe8+ Kxe8 41. Qxg6+ Kd8 42. Qf6+ Kc7 43. Qg7+ 1-0

[Event "Montevideo Duchamp Cup 3rd"]
[Site "Montevideo"]
[Date "2019.02.14"]
[Round "7"]
[White "Miraballes Lopez, Andres"]
[Black "Ruggiero, Alvaro"]
[Result "0-1"]
[WhiteElo "1694"]
[BlackElo "1869"]
[PlyCount "90"]
[EventDate "2019.02.09"]
[EventType "swiss"]
[EventRounds "9"]
[EventCountry "URU"]
[SourceTitle "CBM 189 Extra"]
[Source "ChessBase"]
[SourceDate "2019.06.03"]
[SourceVersion "1"]
[SourceVersionDate "2019.06.03"]
[SourceQuality "1"]

1. e4 c6 2. d4 d5 3. exd5 cxd5 4. c4 e6 5. Nf3 Nf6 6. c5 Be7 7. Bd3 Nc6 8. Nc3 0-0 9. Be3 b6 10. cxb6 axb6 11. a3 Na5 12. Ne5 Ba6 13. Bxa6 Rxa6 14. b4 Nc4 15. Nxc4 dxc4 16. Qe2 Qa8 17. 0-0 Rc8 18. Qb2 Nd5 19. Bd2 Nxc3 20. Bxc3 Qd5 21. Rfe1 Bf6 22. Qc2 b5 23. Red1 Ra4 24. Bb2 g6 25. Qd2 Rca8 26. Qf4 Kg7 27. Qc7 Rd8 28. h3 Ra6 29. Qg3 Qa8 30. Qe3 Rd5 31. Qe4 Qe8 32. Rd2 Rad6 33. Rad1 Qa8 34. Qc2 Qa7 35. Qc3 Kg8 36. Qe3 Rd8 37. Qc3 Qa4 38. Qe3 Bg5 39. f4 Bf6 40. Qf2 c3 41. Bxc3 Qxa3 42. Rd3 Rc8 43. Be1 Qa4 44. Rc3 Rxc3 45. Bxc3 Qxd1+ 0-1

[Event "Montevideo Duchamp Cup 3rd"]
[Site "Montevideo"]
[Date "2019.02.09"]
[Round "1"]
[White "Zapata Charles, Santiago"]
[Black "Miraballes Lopez, Andres"]
[Result "1-0"]
[WhiteElo "2300"]
[BlackElo "1694"]
[PlyCount "59"]
[EventDate "2019.02.09"]
[EventType "swiss"]
[EventRounds "9"]
[EventCountry "URU"]
[SourceTitle "CBM 188 Extra"]
[Source "ChessBase"]
[SourceDate "2019.02.26"]
[SourceVersion "1"]
[SourceVersionDate "2019.02.26"]
[SourceQuality "1"]

1. e4 e5 2. Nf3 Nc6 3. Bc4 Bc5 4. c3 Nf6 5. d3 d6 6. Bb3 Be6 7. Ba4 0-0 8. 0-0 Ne7 9. Re1 Ng6 10. Nbd2 c6 11. Nf1 Bb6 12. Ng3 h6 13. h3 Bc7 14. d4 Qc8 15. Bc2 Rd8 16. Bd2 Qd7 17. Qc1 Re8 18. Nf5 Bxf5 19. exf5 Ne7 20. Bxh6 Nxf5 21. Bg5 Nh7 22. g4 Nxg5 23. Qxg5 Nh6 24. dxe5 Bd8 25. Qf4 dxe5 26. Nxe5 Qc7 27. Nf3 Qd7 28. Rxe8+ Qxe8 29. Re1 Qd7 30. Qd4 1-0

[Event "American Continental 14th"]
[Site "Montevideo"]
[Date "2018.06.03"]
[Round "4"]
[White "Araujo, Daniel"]
[Black "Miraballes Lopez, Andres"]
[Result "0-1"]
[WhiteElo "1529"]
[BlackElo "1665"]
[PlyCount "56"]
[EventDate "2018.06.01"]
[EventType "swiss"]
[EventRounds "11"]
[EventCountry "URU"]
[SourceTitle "CBM 184 Extra"]
[Source "ChessBase"]
[SourceDate "2018.06.28"]
[SourceVersion "1"]
[SourceVersionDate "2018.06.28"]
[SourceQuality "1"]

1. d4 f5 2. c4 e6 3. Nc3 Nf6 4. Nf3 c6 5. Bf4 d5 6. e3 Be7 7. Be2 0-0 8. a3 Nbd7 9. b4 Ne4 10. Qb3 g5 11. Be5 g4 12. Nd2 Nxe5 13. dxe5 Nxd2 14. Qa2 Nxc4 15. Bxc4 dxc4 16. Rd1 Qc7 17. Qxc4 Qxe5 18. Ke2 Bf6 19. Na4 b5 20. Qxc6 bxa4 21. f4 Qb2+ 22. Rd2 Qxa3 23. b5 Rb8 24. h3 Qb3 25. hxg4 Qxb5+ 26. Qxb5 Rxb5 27. Ra2 Rb2+ 28. Rxb2 Bxb2 0-1

[Event "American Continental 14th"]
[Site "Montevideo"]
[Date "2018.06.03"]
[Round "3"]
[White "Miraballes Lopez, Andres"]
[Black "Pena Canapa, Alfredo"]
[Result "0-1"]
[WhiteElo "1665"]
[BlackElo "1925"]
[PlyCount "68"]
[EventDate "2018.06.01"]
[EventType "swiss"]
[EventRounds "11"]
[EventCountry "URU"]
[SourceTitle "CBM 184 Extra"]
[Source "ChessBase"]
[SourceDate "2018.06.28"]
[SourceVersion "1"]
[SourceVersionDate "2018.06.28"]
[SourceQuality "1"]

1. e4 e5 2. Nf3 Nc6 3. Bc4 Bc5 4. c3 Nf6 5. d3 a6 6. Be3 d6 7. Bxc5 dxc5 8. a4 0-0 9. 0-0 Bg4 10. Nbd2 Re8 11. Qc2 Rb8 12. Ng5 Bh5 13. f4 h6 14. fxe5 Nxe5 15. Ngf3 Nxc4 16. Nxc4 b5 17. axb5 axb5 18. Ncd2 Qd7 19. Rae1 Qc6 20. Nh4 Ng4 21. Ndf3 f6 22. Nf5 Rbd8 23. h3 Ne5 24. Nxe5 fxe5 25. Qb3+ Kh8 26. g4 Bg6 27. Rc1 Rxd3 28. Ne7 Qxe4 29. Nxg6+ Qxg6 30. Rf2 Rxh3 31. Rcf1 Qxg4+ 32. Rg2 Qh4 33. Rxg7 Rh1+ 34. Kg2 Qh3+ 0-1

[Event "American Continental 14th"]
[Site "Montevideo"]
[Date "2018.06.01"]
[Round "1"]
[White "Miraballes Lopez, Andres"]
[Black "Gauche, Charles"]
[Result "0-1"]
[WhiteElo "1665"]
[BlackElo "2235"]
[PlyCount "74"]
[EventDate "2018.06.01"]
[EventType "swiss"]
[EventRounds "11"]
[EventCountry "URU"]
[SourceTitle "CBM 184 Extra"]
[Source "ChessBase"]
[SourceDate "2018.06.28"]
[SourceVersion "1"]
[SourceVersionDate "2018.06.28"]
[SourceQuality "1"]

1. e4 c5 2. Nf3 e6 3. d4 cxd4 4. Nxd4 Nc6 5. Nxc6 bxc6 6. Nc3 d5 7. a3 Nf6 8. e5 Nd7 9. f4 Be7 10. Qg4 0-0 11. Bd3 Nc5 12. 0-0 Nxd3 13. cxd3 f5 14. Qf3 c5 15. Ne2 Rb8 16. Kh1 Rb3 17. Nc3 d4 18. Qd1 Qb6 19. Na2 a5 20. Nb4 a4 21. Nc2 Ba6 22. Rf3 Qb5 23. Ne1 Bh4 24. g3 Bd8 25. Kg1 Ba5 26. Ng2 Rxd3 27. Rxd3 Qxd3 28. Qxd3 Bxd3 29. Nh4 Be4 30. Kf2 Rb8 31. Nf3 Rb3 32. Ng5 Bd5 33. Rb1 c4 34. Ke2 h6 35. Nh3 Bf3+ 36. Kf2 Be4 37. Ra1 d3 0-1

[Event "URU-ch sf"]
[Site "Montevideo"]
[Date "2017.02.28"]
[Round "8"]
[White "Larrea, Daniela"]
[Black "Miraballes Lopez, Andres"]
[Result "1-0"]
[WhiteElo "1748"]
[BlackElo "1560"]
[PlyCount "75"]
[EventDate "2017.02.24"]
[EventType "swiss"]
[EventRounds "8"]
[EventCountry "URU"]
[SourceTitle "EXT 2018"]
[Source "ChessBase"]
[SourceDate "2017.10.13"]
[SourceVersion "1"]
[SourceVersionDate "2017.10.13"]
[SourceQuality "1"]

1. d4 f5 2. c4 Nf6 3. g3 e6 4. Bg2 c6 5. Nf3 d5 6. 0-0 Bd6 7. Nbd2 0-0 8. Qc2 Nbd7 9. cxd5 exd5 10. Qxf5 Qe8 11. Qd3 Ne4 12. Nxe4 dxe4 13. Qb3+ Kh8 14. Ng5 Nf6 15. Qe3 Bf5 16. f3 Nd5 17. Qb3 exf3 18. exf3 Nb4 19. Ne4 Qg6 20. Bd2 Be6 21. Qd1 Bc4 22. Bxb4 Bxb4 23. Rf2 Rad8 24. Qa4 a5 25. a3 b5 26. Qd1 Be7 27. Rd2 b4 28. b3 bxa3 29. bxc4 Bb4 30. Rd3 Qf7 31. Qc2 Qa7 32. c5 Rd5 33. Ra2 Rfd8 34. Qd1 Qa6 35. Nd6 Kg8 36. f4 Rxd4 37. Rxd4 Bxc5 38. Qb3+ 1-0